Land and cultural survival : The communal land rights of indigenous peoples in Asia
This book focuses on indigenous peoples and their communal land management. The analyses it contain explore how some Asian countries recognize indigenous peoples environmental interests and land rights, and engage them in the development discourse.
Sparad:
| Materialtyp: | Bok |
|---|---|
| Språk: | Undetermined |
| Publicerad: |
Phillipines
ADB
2009
|
| Ämnen: | |
| Taggar: |
Lägg till en tagg
Inga taggar, Lägg till första taggen!
|
| Thư viện lưu trữ: | Trung tâm Học liệu Trường Đại học Cần Thơ |
|---|
| LEADER | 00874nam a2200205Ia 4500 | ||
|---|---|---|---|
| 001 | CTU_189664 | ||
| 008 | 210402s9999 xx 000 0 und d | ||
| 082 | |a 306.08 | ||
| 082 | |b L253 | ||
| 245 | 0 | |a Land and cultural survival : | |
| 245 | 4 | |b The communal land rights of indigenous peoples in Asia | |
| 245 | 0 | |c edited by Jayantha Perera | |
| 260 | |a Phillipines | ||
| 260 | |b ADB | ||
| 260 | |c 2009 | ||
| 520 | |a This book focuses on indigenous peoples and their communal land management. The analyses it contain explore how some Asian countries recognize indigenous peoples environmental interests and land rights, and engage them in the development discourse. | ||
| 650 | |a Indigenous peoples,Người bản địa | ||
| 650 | |x Land tenure,Quyền sử dụng đất | ||
| 650 | |z Asia,Châu Á | ||
| 980 | |a Trung tâm Học liệu Trường Đại học Cần Thơ | ||